Maxiu de meng (Chinese)
| Main Author: | |
|---|---|
| Other Authors: | |
| Format: | Book |
| Published: |
Haikou :
Nan hai chu ban gong si ,
2010
|
| Series: | Ai xin shu hui ben guan ; 213
Li'ou Li'aoni zuo pin ji ; 4 |
MARC
| LEADER | 00000cam a2200000 7i4500 | ||
|---|---|---|---|
| 001 | 0000034265 | ||
| 005 | 20121001.0 | ||
| 008 | 121001 | ||
| 020 | |a 7544247108 | ||
| 090 | 0 | 0 | |a JP |b CHI |
| 100 | 1 | |a Lionni, Leo | |
| 245 | 1 | 0 | |a Maxiu de meng (Chinese) |c Li'ou Li'aoni wen tu |f Ajia yi |
| 246 | 1 | 0 | |a Matthew's dream |
| 260 | |a Haikou : |b Nan hai chu ban gong si , |c 2010 | ||
| 440 | |a Ai xin shu hui ben guan ; 213 | ||
| 440 | |a Li'ou Li'aoni zuo pin ji ; 4 | ||
| 700 | 1 | |a Ajia | |
| 999 | |a 0001158346 |b Book |c Chinese Collection |e Perbadanan Perpustakaan Awam Johor | ||